Los servicios geológicos : (Registro nro. 58093)
[ vista simple ]
| 000 -CABECERA | |
|---|---|
| campo de control de longitud fija | 02435nab a2200277 a 4500 |
| 005 - FECHA Y HORA DE LA ÚLTIMA TRANSACCIÓN | |
| campo de control | 20250203095950.0 |
| 007 - CAMPO FIJO DE DESCRIPCIÓN FÍSICA--INFORMACIÓN GENERAL | |
| campo de control de longitud fija | ta |
| 008 - DATOS DE LONGITUD FIJA--INFORMACIÓN GENERAL | |
| campo de control de longitud fija | 250128e2009 dr uu|p|r||||||0| | spa d |
| 022 ## - NÚMERO INTERNACIONAL NORMALIZADO PARA PUBLICACIONES SERIADAS | |
| Número Internacional Normalizado para Publicaciones Seriadas | 2636-1981 |
| 040 ## - FUENTE DE LA CATALOGACIÓN | |
| Centro catalogador/agencia de origen | DO-SdBNP |
| Centro/agencia transcriptor | DO-SdBNP |
| Normas de descripción | rda |
| 041 ## - CÓDIGO DE LENGUA | |
| Código de lengua original | spa |
| 100 ## - ENTRADA PRINCIPAL--NOMBRE DE PERSONA | |
| Nombre de persona | Tena Dávila, Manuel de |
| 9 (RLIN) | 86923 |
| Término indicativo de función/relación | asesor |
| 245 ## - MENCIÓN DE TÍTULO | |
| Título | Los servicios geológicos : |
| Resto del título | instituciones públicas al servicio de la sociedad / |
| Mención de responsabilidad, etc. | Manuel de Tena Dávila. |
| 264 ## - PRODUCCIÓN, PUBLICACIÓN, DISTRIBUCIÓN, FABRICACIÓN Y COPYRIGHT | |
| Producción, publicación, distribución, fabricación y copyright | Santo Domingo, República Dominicana : |
| Nombre del de productor, editor, distribuidor, fabricante | Sociedad Dominicana de Geología (SODOGEO), |
| Fecha de producción, publicación, distribución, fabricación o copyright | 2009. |
| 300 ## - DESCRIPCIÓN FÍSICA | |
| Extensión | página 20 ; |
| Dimensiones | 28 cm. |
| 310 ## - PERIODICIDAD ACTUAL | |
| Periodicidad actual | Desconocida. |
| 336 ## - TIPO DE CONTENIDO | |
| Término de tipo de contenido | texto |
| Código de tipo de contenido | txt |
| Fuente | rdacontent |
| 337 ## - TIPO DE MEDIO | |
| Nombre/término del tipo de medio | sin mediacion |
| Código del tipo de medio | n |
| Fuente | rdamedia |
| 338 ## - TIPO DE SOPORTE | |
| Nombre/término del tipo de soporte | volumen |
| Código del tipo de soporte | nc |
| Fuente | rdacarrier |
| 362 ## - FECHAS DE PUBLICACIÓN Y/O DESIGNACIÓN SECUENCIAL | |
| Fecha de publicación y/o designación secuencial | Volumen 6, No. 25, Noviembre 2009. |
| 521 ## - NOTA DE PÚBLICO DESTINATARIO | |
| Nota de público destinatario | Prácticamente todos los Servicios Geológicos del mundo se crearon como instituciones ligadas o muy relacionadas con la actividad minera, exploración, y explotación de recursos minerales. En los últimos 30 años, su actividad se ha ampliado y centrado en proporcionar información dirigida, fundamentalmente, a la ordenación del territorio, a la explotación sostenible de los recursos naturales y al medioambiente de cada país, región o localidad. Se puede decir que, actualmente, los Servicios Geológicos son instituciones públicas expertas en el conocimiento científico técnico de su territorio y que se las considera como las instituciones más adecuadas y capacitadas para asesorar a la sociedad sobre su protección y gestión sostenible. Al ser el patrimonio geológico de cada país un activo fundamental que el Estado debe de proteger y conservar, los Servicios Geológicos son las organizaciones responsables de administrar estos activos de una forma sostenible y ponerlos a disposición de la sociedad. Son los depositarios del conocimiento científico de la geología del país, de su actualización, documentación y de su adecuación y traducción, para que repercuta en la sociedad y en la mejor calidad de vida de los ciudadanos... |
| Fuente | http://redciencia.cu/geobiblio/paper/2009_Boletin_Geo25_Dominicana_Carib.pdf |
| 650 #0 - PUNTO DE ACCESO ADICIONAL DE MATERIA--TÉRMINO DE MATERIA | |
| Término de materia o nombre geográfico como elemento de entrada | Servicios |
| 9 (RLIN) | 26253 |
| Subdivisión de forma | Publicaciones periódicas |
| Subdivisión geográfica | República Dominicana |
| 773 0# - ENLACE AL DOCUMENTO FUENTE/ENTRADA DE REGISTRO ANFITRIÓN | |
| Número bibliográfico anfitrión | 58091 |
| Número de ítem anfitrión | 320152 |
| Encabezamiento principal | Sociedad Dominicana de Geología (SODOGEO) |
| Otro identificador del documento | 2025-0490 |
| Título | Geo noticias / |
| Número Internacional Normalizado para Publicaciones Seriadas | 2636-1981 |
| 856 ## - LOCALIZACIÓN Y ACCESO ELECTRÓNICOS | |
| Identificador Uniforme del Recurso | <a href="http://redciencia.cu/geobiblio/paper/2009_Boletin_Geo25_Dominicana_Carib.pdf">http://redciencia.cu/geobiblio/paper/2009_Boletin_Geo25_Dominicana_Carib.pdf</a> |
| 942 ## - ELEMENTOS DE PUNTO DE ACCESO ADICIONAL (KOHA) | |
| Fuente del sistema de clasificación o colocación | Dewey Decimal Classification |
| Tipo de ítem Koha | Publicación periódica |
No hay ítems disponibles.
